书目信息 |
| 题名: |
DSP应用系统设计
|
|
| 作者: | 朱铭 , 赵勇 , 甘泉 编著 | |
| 分册: | ||
| 出版信息: | 北京 电子工业出版社 2002.10 |
|
| 页数: | 376页 | |
| 开本: | 26cm | |
| 丛书名: | DSP应用丛书 | |
| 单 册: | ||
| 中图分类: | TN911.72 | |
| 科图分类: | ||
| 主题词: | 通信理论 | |
| 电子资源: | ||
| ISBN: | 7-5053-8039-7 | |
| 000 | 00707nam0 2200241 45 | |
| 001 | 0459104090 | |
| 005 | 2004092016250367 | |
| 010 | @a7-5053-8039-7@dRMB 377.00 | |
| 100 | @a20040920d2002 km y0chiy0120 ea | |
| 101 | 0 | @achi |
| 102 | @aCN@b110000 | |
| 200 | 1 | @aDSP应用系统设计@ADSP Ying Yong Xi Tong She Ji@f朱铭,赵勇,甘泉编著@FZhu Ming,Zhao Yong,Gan Quan Bian Zhu |
| 210 | @a北京@c电子工业出版社@d2002.10 | |
| 215 | @a376页@d26cm | |
| 225 | 2 | @aDSP应用丛书 |
| 410 | 0 | @12001 @aDSP应用丛书 |
| 606 | 0 | @a通信理论 |
| 690 | @aTN911.72@v4 | |
| 701 | 0 | @a朱铭@AZhu Ming@4编著 |
| 701 | 0 | @a赵勇@AZhao Yong@4编著 |
| 701 | 0 | @a甘泉@AGan Quan@4编著 |
| 801 | 0 | @aCN@bPFT@c20040920 |
| 905 | @dTN911.72@eZ862 | |
| DSP应用系统设计/朱铭,赵勇,甘泉编著.-北京:电子工业出版社,2002.10 |
| 376页;26cm.-(DSP应用丛书) |
| ISBN 7-5053-8039-7:RMB 377.00 |
| ● |
| 相关链接 |
|
|
|
正题名:DSP应用系统设计
索取号:TN911.72/Z862
 
预约/预借
| 序号 | 登录号 | 条形码 | 馆藏地/架位号 | 状态 | 备注 |
| 1 | 394874 | 203948746 | 自科库301/301自科库 36排2列1层/ [索取号:TN911.72/Z862] | 在馆 | |
| 2 | 394875 | 203948755 | 期刊室512/301自科库 28排1列3层/ [索取号:TN911.72/Z862] | 在馆 | |
| 3 | 394876 | 203948764 | 自科库301/301自科库 36排2列1层/ [索取号:TN911.72/Z862] | 在馆 |